Normal view
MARC view
Entry Personal Name
001 - CONTROL NUMBER
- control field: 423441
003 - CONTROL NUMBER IDENTIFIER
- control field:
005 - DATE AND TIME OF LATEST TRANSACTION
- control field: 20210602123818.0
008 - FIXED-LENGTH DATA ELEMENTS
- fixed length control field: 210602|| aca||aabn | a|a d
040 ## - CATALOGING SOURCE
- Original cataloging agency:
- Transcribing agency:
100 ## - HEADING--PERSONAL NAME
- Personal name: O'Connell, Alice L.
- Fuller form of name: (Alice Louise),
- Dates associated with a name: 1907-
670 ## - SOURCE DATA FOUND
- Source citation: Work cat.: (): O'Connell, Alice L. (Alice Louise), 1907-, Understanding the scientific bases of human movement /, 1972
